[Event "Athens NTUA-ch 7th"]
[Site "Athens"]
[Date "2022.11.25"]
[Round "?"]
[White "Kalogeris, Ioannis"]
[Black "Beliotis, Georgios"]
[Result "1-0"]
[WhiteElo "2412"]
[BlackElo "2139"]
[PlyCount "137"]
[EventDate "2022.11.08"]
[EventType "swiss"]
[EventRounds "4"]
[EventCountry "GRE"]
[SourceTitle "EXT 2024"]
[Source "ChessBase"]
[SourceDate "2023.10.10"]
[SourceVersion "1"]
[SourceVersionDate "2023.10.10"]
[SourceQuality "1"]

1. e4 e5 2. Nf3 Nc6 3. Bb5 a6 4. Ba4 Nf6 5. 0-0 b5 6. Bb3 Bb7 7. Re1 Bc5 8. c3 d6 9. d4 Bb6 10. Be3 h6 11. h3 0-0 12. Nbd2 exd4 13. cxd4 Na5 14. Bc2 Re8 15. Qb1 c5 16. dxc5 dxc5 17. b4 cxb4 18. Qxb4 Rc8 19. Bb1 Nc4 20. Bxb6 Qxb6 21. a4 Qc5 22. Qxc5 Rxc5 23. axb5 Nxd2 24. Nxd2 axb5 25. Ra7 Bc6 26. Ba2 Nd7 27. Nb3 Rc2 28. Nd4 Rxa2 29. Rxa2 Rxe4 30. Rxe4 Bxe4 31. Nxb5 g6 32. Nc3 Bf5 33. Nd5 Be6 34. Ra7 Bxd5 35. Rxd7 Be6 36. Ra7 h5 37. h4 Kg7 38. Kh2 Bd5 39. Kg3 Kf6 40. Ra6+ Ke5 41. Ra5 Ke6 42. f3 Bc4 43. Rc5 Bb3 44. Kf4 Kf6 45. Rc6+ Be6 46. Rb6 Kg7 47. Kg5 Bd5 48. Rf6 Be6 49. Rf4 Bd5 50. Rd4 Be6 51. Rd6 Bc4 52. Kf4 Be6 53. Ke5 Bf5 54. Rd4 Be6 55. Kd6 Bb3 56. Ke7 Ba2 57. Rf4 Bd5 58. Rf6 Bc4 59. f4 Bd5 60. g3 Bc4 61. f5 gxf5 62. Rxf5 Kg6 63. Rg5+ Kh6 64. Kf6 Be6 65. Rg7 Bd5 66. Rxf7 Bf3 67. Rf8 Kh7 68. Kg5 Bg4 69. Rf6 1-0

[Event "Kavala op 28th"]
[Site "Kavala"]
[Date "2019.08.08"]
[Round "6"]
[White "Megalios, Konstantinos"]
[Black "Beliotis, Georgios"]
[Result "1-0"]
[WhiteElo "2412"]
[BlackElo "2212"]
[PlyCount "153"]
[EventDate "2019.08.04"]
[EventType "swiss"]
[EventRounds "9"]
[EventCountry "GRE"]
[SourceTitle "CBM 191 Extra"]
[Source "ChessBase"]
[SourceDate "2019.09.30"]
[SourceVersion "1"]
[SourceVersionDate "2019.09.30"]
[SourceQuality "1"]

1. d4 Nf6 2. Nf3 e6 3. c4 Bb4+ 4. Bd2 a5 5. g3 d6 6. Bg2 Nbd7 7. 0-0 e5 8. dxe5 dxe5 9. Nc3 0-0 10. Qc2 c6 11. a3 Bc5 12. Na4 Ba7 13. c5 e4 14. Ng5 Nxc5 15. Nxc5 Bxc5 16. Nxe4 Nxe4 17. Bxe4 h6 18. Qxc5 Qxd2 19. Rad1 Qxe2 20. Rfe1 Qa6 21. Bd3 Qa7 22. Bh7+ Kxh7 23. Qxf8 Bg4 24. Rd8 Rxd8 25. Qxd8 Be6 26. Qd3+ Kg8 27. Qd8+ Kh7 28. Qd3+ Kg8 29. h4 Qc5 30. Qc3 Qf5 31. Re5 Qb1+ 32. Re1 Qf5 33. Re5 Qb1+ 34. Kh2 Qf1 35. Qc2 b6 36. h5 c5 37. Qe2 Qh3+ 38. Kg1 Bd7 39. Qf3 Be6 40. Qa8+ Kh7 41. Qe4+ Kg8 42. Qa8+ Kh7 43. Qg2 Qg4 44. Qe4+ Qxe4 45. Rxe4 Kg8 46. f3 Kf8 47. Kf2 Ke7 48. Re1 b5 49. Ke3 Kd6 50. g4 Bd5 51. Rg1 f6 52. Kf4 b4 53. axb4 axb4 54. Kf5 Bf7 55. Ra1 c4 56. Ra6+ Kc5 57. Ke4 Bd5+ 58. Ke3 c3 59. Ra5+ Kc4 60. b3+ Kxb3 61. Rxd5 Kb2 62. Rc5 b3 63. Kd3 c2 64. Kd2 Kb1 65. Rc7 Kb2 66. Rc3 f5 67. gxf5 Ka2 68. Rxc2+ bxc2 69. Kxc2 Ka3 70. Kc3 Ka2 71. Kc2 Ka3 72. Kc3 Ka2 73. Kd4 Kb3 74. Ke5 Kc4 75. f6 gxf6+ 76. Kxf6 Kd5 77. f4 1-0

[Event "Kavala op 28th"]
[Site "Kavala"]
[Date "2019.08.06"]
[Round "4"]
[White "Kanakaris, Georgios"]
[Black "Beliotis, Georgios"]
[Result "1/2-1/2"]
[WhiteElo "2401"]
[BlackElo "2212"]
[PlyCount "37"]
[EventDate "2019.08.04"]
[EventType "swiss"]
[EventRounds "9"]
[EventCountry "GRE"]
[SourceTitle "CBM 191 Extra"]
[Source "ChessBase"]
[SourceDate "2019.09.30"]
[SourceVersion "1"]
[SourceVersionDate "2019.09.30"]
[SourceQuality "1"]

1. Nf3 Nf6 2. g3 g6 3. Bg2 Bg7 4. 0-0 c5 5. c4 0-0 6. d4 cxd4 7. Nxd4 d5 8. cxd5 Nxd5 9. Na3 Nb6 10. Be3 Nd5 11. Bc1 Nb6 12. Be3 Nd5 13. Bg5 h6 14. Bc1 Nb6 15. Be3 Nd5 16. Bc1 Nb6 17. Nb3 Nc6 18. Nc5 Nd7 19. Nd3 1/2-1/2

[Event "Paleochora op 12th"]
[Site "Paleochora"]
[Date "2019.07.17"]
[Round "6"]
[White "Mitsis, Georgios"]
[Black "Beliotis, Georgios"]
[Result "1/2-1/2"]
[WhiteElo "2399"]
[BlackElo "2204"]
[PlyCount "96"]
[EventDate "2019.07.13"]
[EventType "swiss"]
[EventRounds "9"]
[EventCountry "GRE"]
[SourceTitle "EXT 2020"]
[Source "ChessBase"]
[SourceDate "2019.10.17"]
[SourceVersion "1"]
[SourceVersionDate "2019.10.17"]
[SourceQuality "1"]

1. d4 Nf6 2. c4 e6 3. Nc3 Bb4 4. e3 c5 5. Nge2 cxd4 6. exd4 d5 7. c5 0-0 8. a3 Ba5 9. b4 Bc7 10. Nb5 e5 11. Bb2 Nc6 12. Ng3 Bb8 13. dxe5 Nxe5 14. Be2 a6 15. Nd4 Ne4 16. 0-0 f5 17. f4 Nc6 18. Nh5 Rf7 19. Qd3 Bc7 20. Rad1 Qe7 21. Rc1 Bd7 22. Bd1 Rd8 23. Bb3 Bc8 24. Ba4 Nxd4 25. Qxd4 h6 26. Bb3 Be6 27. c6 b6 28. Bc2 Kh7 29. Qe3 g6 30. Ng3 Rg8 31. Bd4 Qd8 32. Rcd1 Re8 33. Bb3 b5 34. Ne2 g5 35. g3 Qb8 36. Ba7 Qd8 37. Qd4 Rf6 38. Bxd5 Bxd5 39. Qxd5 Qxd5 40. Rxd5 Rxc6 41. Nd4 Rc3 42. fxg5 Nxg5 43. Nxf5 Re2 44. Rc5 Rcc2 45. Rxc2 Rxc2 46. Ne3 Ra2 47. Nd5 Be5 48. Be3 Rxa3 1/2-1/2

[Event "Anogia op 7th"]
[Site "Anogia"]
[Date "2018.08.17"]
[Round "1"]
[White "Lekic, Dusan"]
[Black "Beliotis, Georgios"]
[Result "1-0"]
[WhiteElo "2361"]
[BlackElo "2117"]
[PlyCount "97"]
[EventDate "2018.08.17"]
[EventType "swiss"]
[EventRounds "9"]
[EventCountry "GRE"]
[SourceTitle "CBM 186 Extra"]
[Source "ChessBase"]
[SourceDate "2018.08.24"]
[SourceVersion "1"]
[SourceVersionDate "2018.08.24"]
[SourceQuality "1"]

1. d4 Nf6 2. c4 g6 3. Nc3 Bg7 4. e4 d6 5. Nf3 0-0 6. Be2 e5 7. 0-0 Na6 8. Be3 h6 9. Ne1 exd4 10. Bxd4 Nc5 11. f3 a5 12. Nc2 Qe7 13. Qd2 Be6 14. Rad1 Rad8 15. Rfe1 c6 16. Bf1 Bc8 17. Qf2 Nfd7 18. Bxg7 Kxg7 19. Rd2 Ne5 20. Red1 f5 21. exf5 Bxf5 22. Nd4 Bc8 23. Nb3 Ne6 24. Ne4 Nf4 25. Kh1 a4 26. Nc1 d5 27. cxd5 Nxd5 28. Qd4 Nf6 29. Qxa4 b5 30. Qc2 Bf5 31. Qc5 Qxc5 32. Nxc5 Rxd2 33. Rxd2 Re8 34. Kg1 Nc4 35. Bxc4 Re1+ 36. Bf1 Rxc1 37. Nb3 Rb1 38. Kf2 Nd5 39. Nd4 Bd7 40. Bd3 Rc1 41. Nb3 Rh1 42. Bxb5 cxb5 43. Rxd5 Be8 44. h3 Rb1 45. Rd2 Bf7 46. Nd4 b4 47. b3 Be8 48. Ke3 Ra1 49. Kd3 1-0

[Event "Kavala op 27th"]
[Site "Kavala"]
[Date "2018.08.08"]
[Round "5"]
[White "Quparadze, Giga"]
[Black "Beliotis, Georgios"]
[Result "1-0"]
[WhiteElo "2517"]
[BlackElo "2117"]
[PlyCount "55"]
[EventDate "2018.08.05"]
[EventType "swiss"]
[EventRounds "9"]
[EventCountry "GRE"]
[SourceTitle "CBM 186 Extra"]
[Source "ChessBase"]
[SourceDate "2018.08.24"]
[SourceVersion "1"]
[SourceVersionDate "2018.08.24"]
[SourceQuality "1"]

1. e4 e5 2. Nf3 Nc6 3. Bb5 a6 4. Ba4 Nf6 5. Qe2 d6 6. c3 g6 7. d4 b5 8. Bb3 Bg4 9. Bg5 Na5 10. dxe5 dxe5 11. Bxf7+ Kxf7 12. Nxe5+ Kg7 13. Nxg4 Be7 14. Bh6+ Kg8 15. 0-0 Nc4 16. b3 Nxg4 17. Qxg4 Ne5 18. Qe6+ Nf7 19. Be3 Bf6 20. f4 Qd3 21. Bc5 Kg7 22. e5 Bh4 23. Qg4 Qd5 24. b4 Bd8 25. Rd1 Qe4 26. Qd7 Bh4 27. e6 Kh6 28. exf7 1-0

[Event "GRE-chT 46th"]
[Site "Rio Achaia"]
[Date "2018.07.13"]
[Round "5.8"]
[White "Vallianos, Gerasimos"]
[Black "Beliotis, Georgios"]
[Result "1-0"]
[WhiteElo "1899"]
[BlackElo "2175"]
[PlyCount "79"]
[EventDate "2018.07.10"]
[EventType "team"]
[EventRounds "7"]
[EventCountry "GRE"]
[SourceTitle "CBM 185 Extra"]
[Source "ChessBase"]
[SourceDate "2018.07.29"]
[SourceVersion "1"]
[SourceVersionDate "2018.07.29"]
[SourceQuality "1"]
[WhiteTeam "Alexandropulis Mas National"]
[BlackTeam "So Thomas Georgiou"]
[WhiteTeamCountry "GRE"]
[BlackTeamCountry "GRE"]

1. d4 Nf6 2. Nf3 g6 3. g3 Bg7 4. Bg2 0-0 5. 0-0 d5 6. c4 Nc6 7. cxd5 Nxd5 8. e4 Nb6 9. d5 Na5 10. Na3 c6 11. Qd2 Nac4 12. Nxc4 Nxc4 13. Qe2 Nd6 14. e5 Nb5 15. a4 Nc7 16. dxc6 bxc6 17. Rd1 Nd5 18. Nd4 Bb7 19. a5 Rc8 20. Nb3 Rc7 21. Nc5 Bc8 22. Bd2 Bf5 23. g4 Bd7 24. a6 Qc8 25. h3 Be6 26. Ba5 Nb6 27. b4 Bc4 28. Qe3 Bb5 29. Qg3 Qb8 30. Bxb6 axb6 31. Nd7 Rxd7 32. Rxd7 Bxe5 33. Qa3 Bxa1 34. Qxa1 Qf4 35. a7 Ra8 36. Rb7 f6 37. Rxe7 Qd6 38. Rb7 Qf4 39. g5 Qd6 40. Qxf6 1-0

[Event "GRE-chT 46th"]
[Site "Rio Achaia"]
[Date "2018.07.11"]
[Round "3.14"]
[White "Klampatseas, Hristos"]
[Black "Beliotis, Georgios"]
[Result "0-1"]
[WhiteElo "1440"]
[BlackElo "2175"]
[PlyCount "92"]
[EventDate "2018.07.10"]
[EventType "team"]
[EventRounds "7"]
[EventCountry "GRE"]
[SourceTitle "CBM 185 Extra"]
[Source "ChessBase"]
[SourceDate "2018.07.29"]
[SourceVersion "1"]
[SourceVersionDate "2018.07.29"]
[SourceQuality "1"]
[WhiteTeam "Kalamata Poseidon"]
[BlackTeam "So Thomas Georgiou"]
[WhiteTeamCountry "GRE"]
[BlackTeamCountry "GRE"]

1. d4 Nf6 2. c4 g6 3. Nc3 Bg7 4. e4 d6 5. Be2 0-0 6. Nf3 Na6 7. 0-0 e5 8. d5 Nc5 9. Bg5 a5 10. Nd2 h6 11. Be3 Ne8 12. f4 exf4 13. Rxf4 Nf6 14. Bxc5 dxc5 15. Kh1 Nd7 16. Rf1 Ne5 17. Nf3 Ng4 18. Qd3 b6 19. h3 Ne5 20. Nxe5 Bxe5 21. Qe3 Kg7 22. Rab1 Qh4 23. Nb5 Bd7 24. b3 Rae8 25. Bd3 h5 26. Bc2 f6 27. Rbd1 g5 28. d6 c6 29. Nc7 Rd8 30. Rf5 Rf7 31. Rdf1 Bxf5 32. exf5 Kg8 33. Rd1 Qf4 34. Qxf4 Bxf4 35. Ne6 Rxd6 36. Nxf4 Rxd1+ 37. Bxd1 gxf4 38. Bxh5 Rd7 39. Bf3 Rd2 40. Bxc6 Rxa2 41. h4 Rb2 42. Ba4 Kg7 43. h5 Kh6 44. Be8 Rxb3 45. Kh2 Rb4 46. Bb5 a4 0-1

[Event "GRE-ch U20"]
[Site "Chania"]
[Date "2018.04.13"]
[Round "6"]
[White "Beliotis, Georgios"]
[Black "Giannoulakis, Labros"]
[Result "1/2-1/2"]
[WhiteElo "2181"]
[BlackElo "2310"]
[PlyCount "73"]
[EventDate "2018.04.10"]
[EventType "swiss"]
[EventRounds "9"]
[EventCountry "GRE"]
[SourceTitle "CBM 184 Extra"]
[Source "ChessBase"]
[SourceDate "2018.06.28"]
[SourceVersion "1"]
[SourceVersionDate "2018.06.28"]
[SourceQuality "1"]
[WhiteTeam "Greece"]
[BlackTeam "Greece"]
[WhiteTeamCountry "GRE"]
[BlackTeamCountry "GRE"]

1. e4 c5 2. Nf3 d6 3. Bb5+ Nd7 4. c3 Ngf6 5. Qe2 a6 6. Ba4 b5 7. Bc2 Bb7 8. d4 e6 9. 0-0 Be7 10. Re1 0-0 11. Nbd2 Qc7 12. Nf1 Rfc8 13. Bd3 b4 14. Ng3 bxc3 15. bxc3 c4 16. Bc2 e5 17. Nf5 Bf8 18. d5 Qa5 19. Bd2 Nc5 20. Qe3 h6 21. h3 Rab8 22. g4 Nfxe4 23. Bxe4 Nxe4 24. Qxe4 Bxd5 25. Qe3 Rb2 26. Rad1 Rxa2 27. N3h4 Ba8 28. g5 Qd5 29. Kh2 h5 30. Bc1 Qe6 31. Rd2 Ra1 32. Ng3 g6 33. Ne4 Be7 34. Rdd1 Ra2 35. Rd2 Ra1 36. Rdd1 Ra2 37. Rd2 1/2-1/2

[Event "GRE-ch U20"]
[Site "Chania"]
[Date "2018.04.11"]
[Round "3"]
[White "Loutragotis, Dimitrios"]
[Black "Beliotis, Georgios"]
[Result "1-0"]
[WhiteElo "2123"]
[BlackElo "2181"]
[PlyCount "75"]
[EventDate "2018.04.10"]
[EventType "swiss"]
[EventRounds "9"]
[EventCountry "GRE"]
[SourceTitle "CBM 184 Extra"]
[Source "ChessBase"]
[SourceDate "2018.06.28"]
[SourceVersion "1"]
[SourceVersionDate "2018.06.28"]
[SourceQuality "1"]
[WhiteTeam "Greece"]
[BlackTeam "Greece"]
[WhiteTeamCountry "GRE"]
[BlackTeamCountry "GRE"]

1. e4 e5 2. Nf3 Nc6 3. Bc4 Bc5 4. c3 Nf6 5. d3 d6 6. Nbd2 a6 7. Bb3 Ba7 8. h3 h6 9. Nf1 d5 10. Qe2 d4 11. Ng3 Qe7 12. 0-0 g6 13. cxd4 Nxd4 14. Nxd4 Bxd4 15. Be3 Be6 16. Bxe6 Qxe6 17. Bxd4 exd4 18. Rac1 0-0-0 19. Rc4 Rd7 20. b4 h5 21. Qb2 Rhd8 22. Rfc1 Kb8 23. b5 Qb6 24. a4 a5 25. Qc2 h4 26. Nf1 Nh5 27. Nd2 Nf4 28. Nb3 f5 29. Nc5 Re7 30. Na6+ Ka7 31. Qd2 Nxd3 32. Qxd3 bxa6 33. Rc6 Qb7 34. Qa3 Rd6 35. b6+ Ka8 36. Rxc7 Rxc7 37. bxc7 Rc6 38. Rxc6 1-0

[Event "Thessaloniki White Tower op 40th"]
[Site "Thessaloniki"]
[Date "2018.01.07"]
[Round "8"]
[White "Tsaknakis, Zisis"]
[Black "Beliotis, Georgios"]
[Result "1/2-1/2"]
[WhiteElo "2120"]
[BlackElo "2227"]
[PlyCount "54"]
[EventDate "2018.01.02"]
[EventType "swiss"]
[EventRounds "9"]
[EventCountry "GRE"]
[SourceTitle "CBM 182 Extra"]
[Source "ChessBase"]
[SourceDate "2018.02.23"]
[SourceVersion "1"]
[SourceVersionDate "2018.02.23"]
[SourceQuality "1"]

1. d4 Nf6 2. c4 g6 3. Nc3 Bg7 4. Nf3 0-0 5. Bg5 d6 6. Qd2 c5 7. d5 a6 8. e4 e6 9. dxe6 Bxe6 10. 0-0-0 Nc6 11. Qf4 Nd4 12. Nxd4 cxd4 13. Rxd4 Nh5 14. Qd2 Qa5 15. Bh6 Bxd4 16. Qxd4 Rfe8 17. g4 Bxg4 18. Rg1 Bf3 19. Qe3 Bxe4 20. Nxe4 Qxa2 21. Qd4 Qa1+ 22. Kc2 Qa4+ 23. Kd2 Qa5+ 24. Kc2 Qa4+ 25. Kd2 Qa5+ 26. Nc3 Qa1 27. Ne4 Qa5+ 1/2-1/2

[Event "EU-ch U16 27th"]
[Site "Mamaia"]
[Date "2017.09.14"]
[Round "9"]
[White "Fakhrutdinov, Timur"]
[Black "Beliotis, Georgios"]
[Result "1-0"]
[WhiteElo "2441"]
[BlackElo "2157"]
[PlyCount "119"]
[EventDate "2017.09.05"]
[EventType "swiss"]
[EventRounds "9"]
[EventCountry "ROU"]
[SourceTitle "CBM 180 Extra"]
[Source "ChessBase"]
[SourceDate "2017.10.06"]
[SourceVersion "1"]
[SourceVersionDate "2017.10.06"]
[SourceQuality "1"]

1. e4 c5 2. Nf3 g6 3. d4 cxd4 4. Qxd4 Nf6 5. e5 Nc6 6. Qa4 Nd5 7. Qe4 Nb6 8. Nc3 Bg7 9. Bf4 d5 10. exd6 Bf5 11. Qe3 0-0 12. 0-0-0 exd6 13. Rxd6 Qc8 14. Bh6 Re8 15. Qd2 Bh8 16. Bb5 a6 17. Be2 Be6 18. Ne4 Qc7 19. Bf4 Qe7 20. Re1 Nc8 21. Rd3 Nb4 22. Rd4 Nc6 23. Bg5 Qf8 24. Ra4 Nb6 25. Ra3 Bc4 26. Bd3 Re6 27. Be3 Bxd3 28. cxd3 Nd5 29. Kb1 Nxe3 30. fxe3 Rd8 31. Nf2 Ne5 32. Nxe5 Bxe5 33. g3 Qe7 34. Rb3 Bd4 35. Nd1 b5 36. Rb4 Bc5 37. Rf4 Qd6 38. Nf2 Rde8 39. Nd1 Qe7 40. Rf3 Bd4 41. g4 Qa7 42. h4 Qe7 43. Qf2 a5 44. h5 Bg7 45. Rf1 Rf8 46. e4 Qd7 47. Nc3 Bxc3 48. bxc3 Rc6 49. hxg6 Rxg6 50. Kb2 b4 51. c4 a4 52. Qc5 a3+ 53. Kb3 Ra8 54. Kc2 b3+ 55. axb3 a2 56. Kb2 Qxg4 57. Ka1 Raa6 58. Rxf7 Rad6 59. Rf8+ Kg7 60. Qe5+ 1-0

[Event "EU-ch U16 27th"]
[Site "Mamaia"]
[Date "2017.09.12"]
[Round "7"]
[White "Engel, Luis"]
[Black "Beliotis, Georgios"]
[Result "0-1"]
[WhiteElo "2363"]
[BlackElo "2157"]
[PlyCount "66"]
[EventDate "2017.09.05"]
[EventType "swiss"]
[EventRounds "9"]
[EventCountry "ROU"]
[SourceTitle "CBM 180 Extra"]
[Source "ChessBase"]
[SourceDate "2017.10.06"]
[SourceVersion "1"]
[SourceVersionDate "2017.10.06"]
[SourceQuality "1"]

1. c4 Nf6 2. Nf3 g6 3. Nc3 Bg7 4. e4 d6 5. d4 0-0 6. h3 c5 7. Be3 cxd4 8. Nxd4 Nc6 9. Nc2 Nd7 10. Qd2 Nc5 11. Bh6 Bxh6 12. Qxh6 f5 13. h4 fxe4 14. h5 Qe8 15. 0-0-0 Qf7 16. hxg6 Qxg6 17. Qe3 Ne5 18. Nd5 Qg7 19. Rh5 Bf5 20. Rg5 Bg6 21. Nd4 Rac8 22. f4 Ncd3+ 23. Bxd3 Nxd3+ 24. Rxd3 Rxc4+ 25. Kd1 exd3 26. Nxe7+ Kh8 27. Ndf5 Rxf5 28. Nxg6+ hxg6 29. Rxf5 gxf5 30. Qe8+ Qg8 31. Qh5+ Kg7 32. Qg5+ Kf7 33. Qxf5+ Ke7 0-1

[Event "EU-ch U16 27th"]
[Site "Mamaia"]
[Date "2017.09.11"]
[Round "6"]
[White "Beliotis, Georgios"]
[Black "Di Benedetto, Edoardo"]
[Result "1-0"]
[WhiteElo "2157"]
[BlackElo "2270"]
[PlyCount "103"]
[EventDate "2017.09.05"]
[EventType "swiss"]
[EventRounds "9"]
[EventCountry "ROU"]
[SourceTitle "EXT 2018"]
[Source "ChessBase"]
[SourceDate "2017.10.13"]
[SourceVersion "1"]
[SourceVersionDate "2017.10.13"]
[SourceQuality "1"]

1. e4 e6 2. d4 d5 3. Nc3 Nf6 4. Bg5 Bb4 5. e5 h6 6. Bd2 Bxc3 7. Bxc3 Ne4 8. Bb4 c5 9. Bxc5 Nxc5 10. dxc5 Qa5+ 11. Qd2 Qxc5 12. f4 Bd7 13. Nf3 0-0 14. 0-0-0 Nc6 15. Kb1 Rad8 16. Bd3 f6 17. exf6 Rxf6 18. g3 Rdf8 19. Rhe1 g5 20. Ne5 Nxe5 21. Rxe5 gxf4 22. gxf4 Rxf4 23. Qg2+ Kf7 24. Qg6+ Ke7 25. Qxh6 Qd4 26. Rde1 Kd6 27. Qg5 Rg4 28. Rxd5+ exd5 29. Qe7+ Kc7 30. Qxf8 Qb4 31. Qxb4 Rxb4 32. Re7 Kd6 33. Rh7 Rf4 34. b3 a5 35. Kb2 b6 36. h4 Rf6 37. Rg7 Bf5 38. Bxf5 Rxf5 39. Rg6+ Kc5 40. Rg3 Rh5 41. Rh3 d4 42. a4 b5 43. axb5 Kxb5 44. Kc1 a4 45. bxa4+ Kxa4 46. Kd2 Kb4 47. Kd3 Kc5 48. Ke4 Kc4 49. Kf4 Kb4 50. Kg4 Rd5 51. Rh2 Kc3 52. h5 1-0

[Event "Nikaia op 25th"]
[Site "Nikaia"]
[Date "2017.09.01"]
[Round "7"]
[White "Loutragotis, Dimitrios"]
[Black "Beliotis, Georgios"]
[Result "1/2-1/2"]
[WhiteElo "2194"]
[BlackElo "2157"]
[PlyCount "140"]
[EventDate "2017.08.26"]
[EventType "swiss"]
[EventRounds "9"]
[EventCountry "GRE"]
[SourceTitle "CBM 180 Extra"]
[Source "ChessBase"]
[SourceDate "2017.10.06"]
[SourceVersion "1"]
[SourceVersionDate "2017.10.06"]
[SourceQuality "1"]

1. e4 e5 2. Nf3 Nc6 3. Bc4 Bc5 4. b4 Bxb4 5. c3 Be7 6. d4 Na5 7. Be2 d6 8. dxe5 dxe5 9. Qa4+ c6 10. Nxe5 Nf6 11. 0-0 b5 12. Qc2 Qc7 13. Nf3 0-0 14. Nbd2 Bg4 15. c4 b4 16. Bb2 Nd7 17. e5 c5 18. Bd3 h6 19. Bf5 Bxf5 20. Qxf5 Qc6 21. Rfe1 Nb6 22. Rac1 Qe6 23. Qf4 Rfd8 24. Ba1 Rd7 25. Ne4 Qg6 26. e6 Rdd8 27. Nh4 Bxh4 28. Qxh4 Naxc4 29. Nxc5 Nd6 30. exf7+ Nxf7 31. Qxb4 Nd5 32. Qe4 Qxe4 33. Nxe4 Nf4 34. Rcd1 Nd3 35. Rf1 Nfe5 36. Bxe5 Nxe5 37. h3 Rac8 38. Rxd8+ Rxd8 39. Re1 Rd4 40. Re2 Nd3 41. Rd2 Rxe4 42. Rxd3 Re1+ 43. Kh2 Re2 44. Ra3 Rxf2 45. Rxa7 Kh7 46. Ra6 Rb2 47. Kg3 Rc2 48. a4 Ra2 49. a5 Ra4 50. Ra8 Kg6 51. a6 Kg5 52. Kf3 g6 53. a7 Ra3+ 54. Kf2 Ra2+ 55. Kf3 Ra3+ 56. Ke4 Kh4 57. Rg8 Rxa7 58. Rxg6 Kh5 59. Rd6 Ra4+ 60. Kf3 Ra3+ 61. Kf4 Ra4+ 62. Kf5 Ra5+ 63. Kf6 Rb5 64. Re6 Rb3 65. Re5+ Kh4 66. Re4+ Kh5 67. g4+ Kh4 68. g5+ Kh5 69. gxh6 Rb6+ 70. Kf5 Kxh6 1/2-1/2

[Event "Nikaia op 25th"]
[Site "Nikaia"]
[Date "2017.08.26"]
[Round "1"]
[White "Beliotis, Georgios"]
[Black "Halioris, Stefanos Anthimos"]
[Result "1-0"]
[WhiteElo "2157"]
[BlackElo "1744"]
[PlyCount "159"]
[EventDate "2017.08.26"]
[EventType "swiss"]
[EventRounds "9"]
[EventCountry "GRE"]
[SourceTitle "CBM 180 Extra"]
[Source "ChessBase"]
[SourceDate "2017.10.06"]
[SourceVersion "1"]
[SourceVersionDate "2017.10.06"]
[SourceQuality "1"]

1. c4 e6 2. g3 Nf6 3. Bg2 d5 4. Nf3 c5 5. 0-0 Nc6 6. b3 Be7 7. cxd5 exd5 8. d4 0-0 9. Bb2 Be6 10. Nc3 Rc8 11. dxc5 Bxc5 12. Nb5 Qb6 13. Bxf6 Qxb5 14. Bb2 Be7 15. Qd2 Rfd8 16. Nd4 Nxd4 17. Bxd4 b6 18. Rac1 Qd7 19. Rfd1 Rxc1 20. Rxc1 Rc8 21. Rxc8+ Qxc8 22. Bb2 Qc5 23. e3 h6 24. Bf3 Qb4 25. Bc3 Qc5 26. Kg2 Qc8 27. h4 Bh3+ 28. Kh2 Be6 29. Bb2 Qc5 30. Kg2 Qb4 31. Bc3 Qc5 32. Qd3 Qc8 33. Bb2 Qc5 34. Bd4 Qc6 35. Bb2 Qc5 36. Qa6 Qc7 37. Qa4 Bd7 38. Qd4 Bf6 39. Qd2 Bxb2 40. Qxb2 Be6 41. Qa3 Qd7 42. Qb4 Bh3+ 43. Kh2 Be6 44. Qd4 Qc6 45. Qd3 Qc5 46. Kg2 Qc6 47. Qa6 Qd7 48. Qd3 Bh3+ 49. Kh2 Be6 50. Qd4 Qc6 51. Kg2 Qd7 52. Qe5 Bh3+ 53. Kh2 Be6 54. Kg1 Kh7 55. Be2 Bf5 56. Bf3 Be6 57. Qd4 Kg8 58. Qc3 Qb7 59. Qb4 Qd7 60. Kh2 Kh7 61. Qf4 Kg8 62. Kg1 Kh7 63. Qb8 Bf5 64. Qe5 Be6 65. Qd4 Kg8 66. g4 Kh7 67. Kg2 Kg8 68. Be2 Qe7 69. Kg3 Qd7 70. Qe5 f5 71. g5 hxg5 72. hxg5 Qf7 73. Kh4 g6 74. Kg3 Kh7 75. Qd6 Bc8 76. Bf3 Bb7 77. Kf4 Kg7 78. Ke5 Qe8+ 79. Kd4 Kh7 80. Qc7+ 1-0

[Event "Paleochora op 10th"]
[Site "Paleochora"]
[Date "2017.07.24"]
[Round "7"]
[White "Beliotis, Georgios"]
[Black "Kalogeris, Ioannis"]
[Result "0-1"]
[WhiteElo "2112"]
[BlackElo "2295"]
[PlyCount "96"]
[EventDate "2017.07.19"]
[EventType "swiss"]
[EventRounds "9"]
[EventCountry "GRE"]
[SourceTitle "EXT 2018"]
[Source "ChessBase"]
[SourceDate "2017.10.13"]
[SourceVersion "1"]
[SourceVersionDate "2017.10.13"]
[SourceQuality "1"]

1. e4 c5 2. Nf3 e6 3. d4 cxd4 4. Nxd4 Nc6 5. Nc3 Qc7 6. Be3 Nf6 7. Ndb5 Qb8 8. Be2 Be7 9. g4 h6 10. Qd2 a6 11. Nd4 b5 12. Nxc6 dxc6 13. 0-0-0 e5 14. f3 Be6 15. h4 Qc7 16. g5 Nh5 17. Rhg1 g6 18. gxh6 Rd8 19. Qe1 Rxd1+ 20. Qxd1 Bxh4 21. Rh1 Be7 22. Qg1 Nf4 23. Bxf4 exf4 24. Qd4 f6 25. Bd3 Kf7 26. Qg1 Rh7 27. Ne2 Qe5 28. Nd4 Bd7 29. c3 Bf8 30. Bc2 c5 31. Nb3 Be7 32. Kb1 Be6 33. Nc1 c4 34. Qa7 Qg5 35. Qxa6 Qg2 36. Re1 Rxh6 37. e5 f5 38. Qxb5 Qxf3 39. Qb8 Qc6 40. Ne2 Rh1 41. Rxh1 Qxh1+ 42. Nc1 f3 43. Ba4 Qh4 44. Qe8+ Kg7 45. Bc6 f2 46. Bg2 Bd5 47. Bf1 Qe4+ 48. Nd3 Qe1+ 0-1

[Event "Paleochora op 10th"]
[Site "Paleochora"]
[Date "2017.07.20"]
[Round "3"]
[White "Beliotis, Georgios"]
[Black "Barski, Radoslaw"]
[Result "0-1"]
[WhiteElo "2112"]
[BlackElo "2402"]
[PlyCount "76"]
[EventDate "2017.07.19"]
[EventType "swiss"]
[EventRounds "9"]
[EventCountry "GRE"]
[SourceTitle "EXT 2018"]
[Source "ChessBase"]
[SourceDate "2017.10.13"]
[SourceVersion "1"]
[SourceVersionDate "2017.10.13"]
[SourceQuality "1"]

1. Nf3 Nf6 2. c4 e6 3. g3 d5 4. Bg2 g6 5. 0-0 Bg7 6. d4 0-0 7. Nc3 b6 8. b3 Bb7 9. Ba3 Re8 10. Ne5 Nbd7 11. Rc1 a6 12. Nd3 Ne4 13. Nxe4 dxe4 14. e3 Rb8 15. Nf4 c5 16. Bb2 e5 17. Nd5 exd4 18. exd4 Bxd5 19. cxd5 Qg5 20. d6 Rbd8 21. Re1 Nf8 22. Bxe4 Rxd6 23. Qc2 Bxd4 24. Rcd1 Red8 25. Bc1 Qh5 26. Kg2 g5 27. h3 Ne6 28. Bf3 Qg6 29. Be4 Qg7 30. Rh1 Bf6 31. Rxd6 Rxd6 32. Be3 Bd4 33. Rd1 h6 34. Qe2 a5 35. Qg4 Qe5 36. Bxd4 Nxd4 37. Re1 f5 38. f4 Qxe4+ 0-1

[Event "GRE-chT 45th"]
[Site "Achaia"]
[Date "2017.07.08"]
[Round "7.6"]
[White "Beliotis, Georgios"]
[Black "Makris, Spyridon Dionysios"]
[Result "1-0"]
[WhiteElo "2112"]
[BlackElo "1797"]
[PlyCount "69"]
[EventDate "2017.07.03"]
[EventType "team-swiss"]
[EventRounds "7"]
[EventCountry "GRE"]
[SourceTitle "CBM 179 Extra"]
[Source "ChessBase"]
[SourceDate "2017.08.23"]
[SourceVersion "1"]
[SourceVersionDate "2017.08.23"]
[SourceQuality "1"]
[WhiteTeam "Kalamata Poseidon"]
[BlackTeam "Peristeriou CP"]
[WhiteTeamCountry "GRE"]
[BlackTeamCountry "GRE"]

1. c4 Nf6 2. g3 g6 3. Bg2 d5 4. cxd5 Nxd5 5. Nc3 Nb6 6. Nf3 Bg7 7. 0-0 0-0 8. b4 Nd5 9. Ba3 Nb6 10. Qc2 Nc4 11. Bc1 Nc6 12. Rb1 e5 13. d3 Nd6 14. b5 Ne7 15. a4 c6 16. Ba3 Re8 17. Rfc1 f5 18. Qb3+ Kh8 19. Ng5 Ng8 20. Bxd6 Qxg5 21. bxc6 bxc6 22. Bxc6 Be6 23. Qb5 a6 24. Qb6 Rac8 25. Bxe8 Rxe8 26. Qxa6 f4 27. Ne4 Qh6 28. Qc6 Rc8 29. Bc7 Bg4 30. Rc2 Ne7 31. Qc5 Nf5 32. Rb8 Rxb8 33. Bxb8 Nd4 34. Bxe5 Nxc2 35. Qf8# 1-0